<?xml version="1.0" encoding="UTF-8"?>
<record
    xmlns:xsi="http://www.w3.org/2001/XMLSchema-instance"
    xsi:schemaLocation="http://www.loc.gov/MARC21/slim http://www.loc.gov/standards/marcxml/schema/MARC21slim.xsd"
    xmlns="http://www.loc.gov/MARC21/slim">

  <leader>00696cam a22001457a 4500</leader>
  <datafield tag="040" ind1=" " ind2=" ">
    <subfield code="c">DLC</subfield>
  </datafield>
  <datafield tag="082" ind1=" " ind2=" ">
    <subfield code="a">711  UNI 2011 A088 Or.</subfield>
  </datafield>
  <datafield tag="245" ind1="0" ind2="0">
    <subfield code="a">Supporting inclusive, sustainable, and resilient development</subfield>
    <subfield code="b">the United Nations Development Assistance Framework for the Philippines, 2012-2018.</subfield>
  </datafield>
  <datafield tag="246" ind1="3" ind2="0">
    <subfield code="a">United Nations Development Assistance Framework for the Philippines, 2012-2018</subfield>
  </datafield>
  <datafield tag="260" ind1=" " ind2=" ">
    <subfield code="a">Makati City, Philippines :</subfield>
    <subfield code="b">United Nations System in the Philippines,</subfield>
    <subfield code="c">c2011.</subfield>
  </datafield>
  <datafield tag="300" ind1=" " ind2=" ">
    <subfield code="a">1 online resource (xii, 83 p.) :</subfield>
    <subfield code="b">PDF</subfield>
  </datafield>
  <datafield tag="710" ind1="2" ind2=" ">
    <subfield code="a">United Nations System in the Philippines.</subfield>
  </datafield>
  <datafield tag="856" ind1="4" ind2="0">
    <subfield code="u">http://www.undp.org.ph/Downloads/knowledge_products/UnitedNations/UNDAF-FINAL-1.pdf</subfield>
  </datafield>
  <datafield tag="942" ind1=" " ind2=" ">
    <subfield code="c">EK</subfield>
  </datafield>
  <datafield tag="999" ind1=" " ind2=" ">
    <subfield code="c">15130</subfield>
    <subfield code="d">15130</subfield>
  </datafield>
  <datafield tag="952" ind1=" " ind2=" ">
    <subfield code="0">0</subfield>
    <subfield code="1">0</subfield>
    <subfield code="4">0</subfield>
    <subfield code="6">711_000000000000000_UNI_2011_A088_OR</subfield>
    <subfield code="7">0</subfield>
    <subfield code="9">67867</subfield>
    <subfield code="a">LBA</subfield>
    <subfield code="b">LBA</subfield>
    <subfield code="c">A088</subfield>
    <subfield code="d">2017-11-10</subfield>
    <subfield code="o">711  UNI 2011 A088 Or.</subfield>
    <subfield code="p">A06872</subfield>
    <subfield code="r">2017-11-10</subfield>
    <subfield code="y">EK</subfield>
  </datafield>
</record>
